The All England Law Reports (Record no. 619548)

MARC details
000 -LEADER
fixed length control field 00463nam a2200169 a 4500
008 - FIXED-LENGTH DATA ELEMENTS--GENERAL INFORMATION
fixed length control field 260416s2026##################000#0#eng##
020 ## - INTERNATIONAL STANDARD BOOK NUMBER
ISBN 9780406000484
Paper back/Hardbound hbk
041 ## - LANGUAGE CODE
Language code of text/sound track or separate title Eng
082 04 - DEWEY DECIMAL CLASSIFICATION NUMBER
Classification number 348.42 BRI
100 ## - MAIN ENTRY--AUTHOR NAME
Personal name Bridgman, G.F.L
245 10 - TITLE STATEMENT
Title The All England Law Reports
Statement of responsibility, etc / edited by G.F.L Bridgman
250 ## - EDITION STATEMENT
Edition statement rerint
260 ## - PUBLICATION, DISTRIBUTION, ETC. (IMPRINT)
Place of publication United Kingdom:
Name of publisher Reed Elsevier,
Year of publication 1959.
300 ## - PHYSICAL DESCRIPTION
Number of Pages 742p.
Dimensions ;20 cm.
942 ## - ADDED ENTRY ELEMENTS (KOHA)
Koha item type English Books
Holdings
Withdrawn status Lost status Damaged status Not for loan Home library Current library Shelving location Date acquired Full call number Accession Number Price effective from Koha item type
        Anna Centenary Library Anna Centenary Library 4TH FLOOR, A WING 16.04.2026 348.42 ALL(R) 401699 16.04.2026 English Books

Find us on the map